| 000 | 00000nam##2200000za#4500 |
| 001 | 9.529330 |
| 003 | CaOODSP |
| 005 | 20241203113633 |
| 007 | ta |
| 008 | 150406|1997||||xxc||||| f|0| 0 eng|d |
| 020 | |a0-662-63096-3 |
| 040 | |aCaOODSP|beng |
| 041 | |aeng |
| 041 | |afre |
| 043 | |an-cn--- |
| 086 | 1 |aEn56-119/8-1997-1 |
| 110 | 1 |aCanada. |bEnvironment Canada. |
| 245 | 10|aNational summary for policy makers|cEdited by Barrie Maxwell, Nicola Mayer and Roger Street. |
| 260 | |aOttawa - Ontario : |bEnvironment Canada |c1997. |
| 300 | |aEnglish text, 24p. : |bfigs., graphs, illus. ; |c28 cm. |
| 490 | 1 |aCanada country study |
| 546 | |aBilingual. Bilingual |
| 563 | |aSoftcover |
| 590 | |a97-49|b1997-12-05 |
| 690 | 07|aClimate|2gcpds |
| 720 | 1 |aMaxwell, Barrie |
| 720 | 1 |aMayer, Nicola |
| 720 | 1 |aStreet, Roger |
| 776 | 0#|tNational summary for policy makers|w(CaOODSP)9.574602 |
| 776 | 0#|tSommaire national pour les décideurs|w(CaOODSP)9.604340 |
| 792 | |tSommaire national pour les décideurs|efre|w(CaOODSP)9.529331 |
| 830 | #0|aCanada country study.|w(CaOODSP)9.509288 |
| 986 | |aEn57-33/1-1997 |